Tareekh farishta (part 3, 4) (Record no. 488916)

000 -LEADER
fixed length control field 00433nam a22001697a 4500
003 - CONTROL NUMBER IDENTIFIER
control field NUST
005 - DATE AND TIME OF LATEST TRANSACTION
control field 20191016121109.0
008 - FIXED-LENGTH DATA ELEMENTS--GENERAL INFORMATION
fixed length control field 191016b ||||| |||| 00| 0 eng d
038 ## - RECORD CONTENT LICENSOR
Staff Name MSOHAIL
082 ## - DEWEY DECIMAL CLASSIFICATION NUMBER
Classification number 297.09 KHA
100 ## - MAIN ENTRY--PERSONAL NAME
Personal name Muhammad Qasim Farishta
9 (RLIN) 24119
245 ## - TITLE STATEMENT
Title Tareekh farishta (part 3, 4)
260 ## - PUBLICATION, DISTRIBUTION, ETC.
Place of publication, distribution, etc. Lahore
Name of publisher, distributor, etc. Al mizan
Date of publication, distribution, etc. 2013
300 ## - PHYSICAL DESCRIPTION
Extent 682p. :
Accompanying material 25 cm
650 ## - SUBJECT ADDED ENTRY--TOPICAL TERM
Topical term or geographic name entry element Islamic history
9 (RLIN) 24120
942 ## - ADDED ENTRY ELEMENTS (KOHA)
Koha item type Book
Source of classification or shelving scheme
Holdings
Withdrawn status Lost status Source of classification or shelving scheme Damaged status Not for loan Permanent Location Current Location Date acquired Total Checkouts Full call number Barcode Date last seen Date last checked out Price effective from Koha item type
          School of Civil and Environmental Engineering (SCEE) School of Civil and Environmental Engineering (SCEE) 10/16/2019 1 297.09 KHA NIT-11434 12/10/2025 10/01/2025 10/16/2019 Book
© 2023 Central Library, National University of Sciences and Technology. All Rights Reserved.